Black man in the White House : a diary of the Eisenhower years by the Administrative Officer for Special Projects, the White House, 1955-1961 /

Bibliographic Details
Main Author: Morrow, E. Frederic (Everett Frederic), approximately 1906-1994 (Author)
Format: eBook
Language:English
Published: New York : Coward-McCann, Incorporated, [1963]
Series:Core collection.
U.S. presidential library.
Civil rights and social justice.
Subjects:
Online Access:Connect to the full text of this electronic book

MARC

Tag First Indicator Second Indicator Subfields
LEADER 00000cam a2200000 i 4500
001 in00004398821
005 20210123200920.0
006 m fo d
007 cr bn nnnauuuu
008 170612s1963 nyu ob 001 0aeng d
035 |a ccn00815948 
040 |a NjRocCCS  |b eng  |e rda  |c NjRocCCS 
043 |a n-us--- 
050 4 |a E835  |b .M58 1963 
100 1 |a Morrow, E. Frederic  |q (Everett Frederic),  |d approximately 1906-1994,  |e author. 
245 1 0 |a Black man in the White House :  |b a diary of the Eisenhower years by the Administrative Officer for Special Projects, the White House, 1955-1961 /  |c E. Frederic Morrow. 
246 3 0 |a Diary of the Eisenhower years by the Administrative Officer for Special Projects, the White House, 1955-1961 
264 1 |a New York :  |b Coward-McCann, Incorporated,  |c [1963] 
264 2 |a [Getzville, New York] :  |b William S. Hein and Company,  |c [2017] 
300 |a 1 online resource (308 pages). 
336 |a text  |b txt  |2 rdacontent 
337 |a computer  |b c  |2 rdamedia 
338 |a online resource  |b cr  |2 rdacarrier 
490 1 |a HeinOnline core collection 
490 1 |a HeinOnline U.S. presidential library 
490 1 |a HeinOnline civil rights and social justice 
588 |a Description based on PDF title page, viewed June 8, 2017. 
504 |a Includes bibliographical references and index. 
600 1 0 |a Morrow, E. Frederic  |q (Everett Frederic),  |d approximately 1906-1994  |v Diaries. 
600 1 0 |a Eisenhower, Dwight D.  |q (Dwight David),  |d 1890-1969. 
650 0 |a African Americans  |x Civil rights. 
650 0 |a Presidents  |z United States  |x Staff. 
651 0 |a United States  |x Politics and government  |y 1953-1961. 
655 7 |a Electronic books.  |2 local 
776 0 8 |c Original  |w (DLC) 63013310 
830 0 |a Core collection. 
830 0 |a U.S. presidential library. 
830 0 |a Civil rights and social justice. 
856 4 0 |u http://proxy.library.tamu.edu/login?url=https://www.heinonline.org/HOL/Page?handle=hein.presidents/blmnwh0001&id=1&size=2&collection=civil&index=civil  |z Connect to the full text of this electronic book  |t 0 
949 |a E 835 .M58 1963  |w LC  |c 1  |i 815948-1001  |d 9/14/2020  |l MAIN  |m HEN  |q 1  |r Y  |s Y  |t WEB  |u 6/8/2017  |x ENG  |z N-US 
999 f f |s 3ec4c699-a8e9-33f4-a24d-e95218a38baf  |i a4e78ece-2422-3318-97e7-e6c72a6af352  |t 0 
952 f f |a Texas A&M University  |b College Station  |c Electronic Resources  |d Available Online  |t 0  |e E835 .M58 1963  |h Library of Congress classification 
998 f f |a E835 .M58 1963  |t 0  |l Available Online